Regeneration trends (Record no. 109987)

MARC details
000 -LEADER
fixed length control field 00995cad a22002295a 4500
001 - CONTROL NUMBER
control field E148282
008 - FIXED-LENGTH DATA ELEMENTS--GENERAL INFORMATION
fixed length control field 090827s2009 xxkado f 000 0 eng d
035 ## - SYSTEM CONTROL NUMBER
System control number (Sirsi) u148282
041 0# - LANGUAGE CODE
Language code of text/sound track or separate title eng
050 04 - LIBRARY OF CONGRESS CALL NUMBER
Classification number 333.33 $2 18
110 2# - MAIN ENTRY--CORPORATE NAME
Corporate name or jurisdiction name as entry element Drivers Jonas
9 (RLIN) 1941
245 00 - TITLE STATEMENT
Title Regeneration trends
Remainder of title Scotland 2009
Medium [electronic resource]
260 ## - PUBLICATION, DISTRIBUTION, ETC.
Place of publication, distribution, etc. Glasgow
Name of publisher, distributor, etc. Drivers Jonas
Date of publication, distribution, etc. 2009
490 #0 - SERIES STATEMENT
Series statement Drivers Jonas Regeneration Trends
Volume/sequential designation 2009
520 ## - SUMMARY, ETC.
Summary, etc. Looks at regeneration projects in Scotland, and analyses them by use, type of venture, number and volume. Discusses sources of funding available for regeneration projects, and looks in detail at projects such as Edinburgh Harbour and Dundee Waterfront. Tables.
521 ## - TARGET AUDIENCE NOTE
Target audience note Advanced
590 ## - LOCAL NOTE (RLIN)
Local note KA
651 #4 - SUBJECT ADDED ENTRY--GEOGRAPHIC NAME
Geographic name Scotland
Chronological subdivision 1999-
690 ## - LOCAL SUBJECT ADDED ENTRY--TOPICAL TERM (OCLC, RLIN)
Topical term or geographic name as entry element PROPERTY-COMMERCIAL PROPERTY-COMMERCIAL PROPERTY MARKET
856 40 - ELECTRONIC LOCATION AND ACCESS
Uniform Resource Identifier <a href="https://www.driversjonas.com">https://www.driversjonas.com</a>
Public note View the research free of charge (requires registration) at www.driversjonas.com...
942 ## - ADDED ENTRY ELEMENTS (KOHA)
Suppress in OPAC 0
Holdings
Withdrawn status Lost status Source of classification or shelving scheme Damaged status Not for loan Home library Current library Shelving location Date acquired Total Checkouts Full call number Barcode Date last seen Copy number Price effective from Koha item type
    Dewey Decimal Classification     Virtual Virtual Online 27/08/2009   ONLINE PUBLICATION 148282-2001 06/08/2019 1 06/08/2019 Book